College Quizbowl Stats
College Quizbowl Stats
Circuits
Seasons
Sets
Records
Detailed Stats
About
Loading...
Northeast
Tossups
Bonuses
Players
Teams
Categories (Tossup)
Categories (Bonus)
Chloe Chow
Harvard B
Categories
Category
Powers
Gets
Negs
BBs
Points
Earliest Buzz
Avg. Buzz
First Buzzes
Top 3 Buzzes
Literature - American Literature
0
1
0
1
10
134
134.00
0
1
Pop Culture
0
1
0
0
10
45
45.00
0
0
Science - Biology
0
1
1
0
5
129
129.00
0
1
Social Science
0
0
0
0
0
0.00
0
0
Religion
0
0
1
0
-5
0.00
0
0
Buzzes
Category
Answer
Value
Buzz Position
Pop Culture
“Not Like Us”
10
45
Religion
Shaivism
-5
100
Science - Biology
adrenal glands
-5
101
Social Science
Marshall Sahlins
0
126
Science - Biology
genomes
10
129
Literature - American Literature
Ma Rainey
10
134
Previous
1
Next